Wszystkie specjalizacje lekarskie w Polsce - Statystyki

Ogólne statystyki
  • Ten quiz został rozwiązany 135 razy
  • Średni wynik to 37 z 77
Statystyki odpowiedzi
Hint Odpowiedź % Poprawnych
9 Chirurgia ogólna
88%
64 Położnictwo i ginekologia
84%
35 Kardiologia
82%
61 Pediatria
81%
56 Onkologia kliniczna
79%
17 Dermatologia i wenerologia
77%
2 Anestezjologia i intensywna terapia
73%
51 Neurologia
73%
75 Urologia
73%
54 Okulistyka
72%
57 Ortopedia i traumatologia narządu ruchu
70%
65 Psychiatria
70%
1 Alergologia
68%
20 Endokrynologia
64%
28 Geriatria
64%
15 Choroby wewnętrzne
63%
50 Neurochirurgia
61%
11 Chirurgia plastyczna
59%
18 Diabetologia
58%
34 Kardiochirurgia
58%
70 Reumatologia
57%
30 Hematologia
56%
47 Nefrologia
56%
67 Radiologia i diagnostyka obrazowa
56%
25 Gastroenterologia
53%
6 Chirurgia dziecięca
52%
43 Medycyna rodzinna
50%
58 Otolaryngologia
50%
42 Medycyna ratunkowa
47%
49 Neonatologia
47%
41 Medycyna pracy
46%
13 Choroby płuc
44%
60 Patomorfologia
44%
8 Chirurgia naczyniowa
43%
66 Psychiatria dzieci i młodzieży
43%
3 Angiologia
42%
36 Kardiologia dziecięca
42%
55 Onkologia i hematologia dziecięca
42%
69 Rehabilitacja medyczna
42%
38 Medycyna morska i tropikalna
41%
44 Medycyna sądowa
41%
52 Neurologia dziecięca
41%
74 Transplantologia kliniczna
41%
7 Chirurgia klatki piersiowej
40%
12 Chirurgia szczękowo-twarzowa
40%
39 Medycyna nuklearna
40%
10 Chirurgia onkologiczna
39%
24 Farmakologia kliniczna
39%
26 Gastroenterologia dziecięca
39%
72 Toksykologia kliniczna
39%
4 Audiologia i foniatria
38%
16 Choroby zakaźne
38%
22 Endokrynologia i diabetologia dziecięca
38%
48 Nefrologia dziecięca
38%
32 Immunologia kliniczna
37%
59 Otolaryngologia dziecięca
37%
5 Balneologia i medycyna fizykalna
36%
40 Medycyna paliatywna
36%
71 Seksuologia
36%
76 Urologia dziecięca
36%
27 Genetyka kliniczna
34%
33 Intensywna terapia
34%
14 Choroby płuc dzieci
33%
37 Medycyna lotnicza
33%
45 Medycyna sportowa
33%
19 Diagnostyka laboratoryjna
32%
63 Perinatologia
32%
77 Zdrowie publiczne
32%
29 Ginekologia onkologiczna
31%
73 Transfuzjologia kliniczna
30%
21 Endokrynologia ginekologiczna i rozrodczość
29%
31 Hipertensjologia
29%
46 Mikrobiologia lekarska
29%
23 Epidemiologia
28%
68 Radioterapia onkologiczna
27%
62 Pediatria metaboliczna
26%
53 Neuropatologia
19%
Nie znaleziono quizów pasujących do podanych kryteriów
Rozkład punktacji
Procent ludzi z każdym wynikiem
Percentyl według liczby udzielonych odpowiedzi
Twoja historia wyników
Nie rozwiązałeś tego quizu